[Event "Ontario-ch U20 U1800"]
[Site "Mississauga"]
[Date "2019.01.13"]
[Round "4.22"]
[White "Wang, Andrew2222"]
[Black "Qiu, James"]
[Result "1-0"]
[WhiteElo "1440"]
[BlackElo "1338"]
[PlyCount "87"]
[EventDate "2019.01.12"]
[EventType "swiss"]
[EventRounds "5"]
[EventCountry "CAN"]
[SourceTitle "EXT 2022"]
[Source "ChessBase"]
[SourceDate "2021.10.06"]
[SourceVersion "1"]
[SourceVersionDate "2021.10.06"]
[SourceQuality "1"]

1. e4 e5 2. Nf3 Nc6 3. Bc4 Nf6 4. d3 d6 5. h3 Be6 6. Bb3 Be7 7. 0-0 Nd7 8. Be3 Nb6 9. Nc3 Bf6 10. d4 Ne7 11. dxe5 dxe5 12. Bxe6 fxe6 13. Qe2 0-0 14. Rad1 Qe8 15. Bxb6 axb6 16. Qc4 Nc6 17. Rd2 Bd8 18. a3 Qg6 19. Qe2 Be7 20. Nb5 Rac8 21. Rd7 Bd8 22. Rfd1 Qe8 23. Nh2 Nd4 24. R7xd4 exd4 25. Nxd4 Bf6 26. e5 Bg5 27. Qg4 Bh6 28. Nxe6 Rf7 29. Nf3 Re7 30. Nf4 Ra8 31. Nd5 Rf7 32. e6 Rf8 33. Nxc7 Ra4 34. Nxe8 Rxg4 35. hxg4 Rxe8 36. g5 Rxe6 37. gxh6 Rxh6 38. Rd8+ Kf7 39. Rd7+ Kf8 40. Rxb7 Rg6 41. Rb8+ Ke7 42. Rb7+ Kf8 43. c3 Rc6 44. Ne5 1-0

[Event "Canadian op U1400"]
[Site "Sault Ste Marie"]
[Date "2017.07.16"]
[Round "9"]
[White "Paquin, Jeremy"]
[Black "Qiu, James"]
[Result "0-1"]
[WhiteElo "1188"]
[BlackElo "1152"]
[PlyCount "91"]
[EventDate "2017.07.11"]
[EventType "swiss"]
[EventRounds "9"]
[EventCountry "CAN"]
[SourceTitle "EXT 2022"]
[Source "ChessBase"]
[SourceDate "2021.10.06"]
[SourceVersion "1"]
[SourceVersionDate "2021.10.06"]
[SourceQuality "1"]

1. e4 e6 2. d4 d5 3. Nd2 Nf6 4. e5 Nfd7 5. Ngf3 c5 6. c3 Nc6 7. Bd3 Qb6 8. Qb3 c4 9. Qxb6 Nxb6 10. Bc2 Bd7 11. 0-0 Be7 12. Re1 0-0 13. Nf1 f5 14. exf6 Bxf6 15. Bg5 Ne7 16. Ng3 Nbc8 17. Bxf6 Rxf6 18. Re2 Nd6 19. Rae1 Raf8 20. Ne5 Be8 21. f3 Rf4 22. Ng4 Bf7 23. Rf2 Be8 24. Ne2 R4f7 25. Ng3 Ndc8 26. h4 Nc6 27. Rfe2 Bd7 28. Kf2 Rf4 29. Ne5 Nxe5 30. Rxe5 Rxh4 31. Ne2 Ne7 32. g3 Rh6 33. Kg2 Rhf6 34. Nf4 Nc6 35. Rh5 g6 36. Rg5 Ne7 37. Nh5 R6f7 38. Rh1 Rc8 39. Nf4 Nf5 40. Kf2 Ng7 41. Ke2 Re8 42. Kf2 Rc8 43. Ng2 Rcf8 44. f4 Rc8 45. Ne3 Rc6 46. Ng4 0-1

[Event "Canadian op U1400"]
[Site "Sault Ste Marie"]
[Date "2017.07.12"]
[Round "3"]
[White "Li, Gabriel"]
[Black "Qiu, James"]
[Result "0-1"]
[WhiteElo "813"]
[BlackElo "1152"]
[PlyCount "30"]
[EventDate "2017.07.11"]
[EventType "swiss"]
[EventRounds "9"]
[EventCountry "CAN"]
[SourceTitle "EXT 2022"]
[Source "ChessBase"]
[SourceDate "2021.10.06"]
[SourceVersion "1"]
[SourceVersionDate "2021.10.06"]
[SourceQuality "1"]

1. d4 d5 2. c4 e6 3. Nc3 Nf6 4. Bg5 c5 5. cxd5 exd5 6. dxc5 d4 7. Ne4 Qa5+ 8. Bd2 Qb5 9. e3 Qxb2 10. Nxf6+ gxf6 11. Qa4+ Nc6 12. Rd1 Bxc5 13. Bb5 Bd7 14. exd4 Bxd4 15. Bc1 Qxf2# 0-1